Statistics for Every Currency by Abbreviation

Click here to take the quiz!

General Stats

  • This quiz has been taken 22 times
  • The average score is 26 of 78

Answer Stats

Abbreviation(s)Currency% Correct
JPYYen
88%
AUD, BBD, BND, BSD, BZD, CAD, FJD, GYD, JMD, LRD, NAD, NZD, SBD, SGD, SRD, TWD, TTD, TVD, USD, XCD, ZWDDollar
82%
EUREuro
76%
DKK, NOKKrone
71%
EGP, GBP, LBP, SDG, SSP, SYPPound
65%
BYN, RUBRuble
65%
BHD, DZD, IQD, JOD, KWD, LYD, RSD, TNDDinar
59%
BIF, CDF, CHF, DJF, GNF, KMF, RWF, XAF, XOFFranc
59%
CZKKoruna
59%
ARS, CLP, COP, CUP, MXN, PHP, UYUPeso
59%
HUFForint
53%
ISK, SEKKrona
53%
INR, LKR, MUR, NPR, PKR, SCRRupee
53%
AFNAfghani
47%
ZARRand
47%
BRLReal
47%
IRR, OMR, YERRial
47%
KES, SOS, TZS, UGXShilling
47%
CNYYuan
47%
TRYLira
41%
GTQQuetzal
41%
QAR, SARRiyal
41%
ILSShekel
41%
KPW, KRWWon
41%
BOBBoliviano
35%
AED, MADDirham
35%
VNDDong
35%
MDL, RONLeu
35%
IDRRupiah
35%
KGS, UZSSom
35%
KZTTenge
35%
PLNZloty
35%
PABBalboa
29%
AMDDram
29%
CVEEscudo
29%
HTGGourde
29%
MWK, ZMWKwacha
29%
HNLLempira
29%
BGNLev
29%
AZN, TMTManat
29%
BAMMark
29%
BWPPula
29%
MYRRinggit
29%
MGAAriary
24%
ETBBirr
24%
VESBolívar
24%
MKDDenar
24%
PYGGuaraní
24%
GELLari
24%
NGNNaira
24%
MVRRufiyaa
24%
PENSol
24%
TJSSomoni
24%
BDTTaka
24%
MNTTögrög
24%
VUVVatu
24%
THBBaht
18%
GHSCedi
18%
CRC, SVCColón
18%
GMDDalasi
18%
UAHHryvnia
18%
PGKKina
18%
LAKKip
18%
AOAKwanza
18%
MMKKyat
18%
ALLLek
18%
SZLLilangeni
18%
LSLLoti
18%
MZNMetical
18%
ERNNakfa
18%
KHRRiel
18%
NIOCórdoba
12%
STNDobra
12%
SLLLeone
12%
BNTNgultrum
12%
MRUOuguiya
12%
TOPPa'anga
12%
WSTTālā
12%

Score Distribution

Percentile by Number Answered

Percent of People with Each Score

Your Score History

You have not taken this quiz